01507cam a22002534a 450000500170000000800410001702000150005804000290007304100080010204400070011008200190011711100760013624502750021224601230048724600560061026000940066630000360076050002170079650400420101365000790105565000600113470000270119470000320122120171017101254.0981208s1998 sz a b 100 0 eng d a2831704529 aDLCcDLCdDLCdCO-BoIAVH0 aeng asz00a333.9516bG56e2 aGlobal Biodiversity Forumn(6th :d1997 :cU.N. Headquarters, New York)10aExploring biodiversity indicators and targets under the convention on biological diversity :ba synthesis report of the sixth session of the Global Biodiversity Forum : U.N. Headquarters, New York, 3-4 April 1997 : part A /ceditado por Sheldon Cohen, Stanley W. Burgiel31aExploración de los indicadores y metas de biodiversidad en el marco del la convención sobre diversidad biológica14aReport of the sixth Global Biodiversity Forum, 1997 aWashington, D.C (EE.UU.) :bBiodiversity Action Network ;aGland (Suiza) :bIUCN,cc1998. aix, 77 páginas ;c28 x 22 cm. a"Exploración de los indicadores y metas de biodiversidad en el marco de la convención sobre diversidad biológica: informe resumido de una sesión del Foro Mundial de Biodiversidad, 3-4 abril 1997, part B." aIncluye referencias bibliográficas.26aConservación de la diversidad biológicavCongresos, conferencias, etc.26aIndicadores biológicosvCongresos, conferencias, etc.1 aCohen, Sheldoneeditor1 aBurgiel, Stanley W.eeditor